Normal view
MARC view
Entry Uniform Title
001 - CONTROL NUMBER
- control field: 28317
003 - CONTROL NUMBER IDENTIFIER
- control field: dpl
005 - DATE AND TIME OF LATEST TRANSACTION
- control field: 20110530113310.0
008 - FIXED-LENGTH DATA ELEMENTS
- fixed length control field: 110530|||a|||||| | ||| d
040 ## - CATALOGING SOURCE
- Original cataloging agency: dpl
- Transcribing agency: dpl
130 ## - HEADING--UNIFORM TITLE
- Uniform title: Themes in politics
670 ## - SOURCE DATA FOUND
- Source citation: Work cat.: (dpl)52430: Secularism and its Critics/, 2008
670 ## - SOURCE DATA FOUND
- Source citation: Work cat.: (dpl)52430: Secularism and its Critics/, 2008
